00606nam a22001457a 4500003000400000005001700004008004100021040001400062100002400076245018800100260000900288300002800297500010400325504003100429OSt20171010095506.0120810t xxu||||| |||| 00| 0 eng d aMMSUcULS aCruz, Reynaldo C.  aThe effects of feeding three energy levels on the growth and reproductive performance of dairy cattle and carabao (Bubalus Bubalis Linn.) under Philippine conditionscReynaldo C. Cruz c1978 avi, 41 leaves c28 cm.  aThesis (MS Animal Science-Animal Production) -- University of the Philippines, Los Baños, Laguna  aBibliography: leaves 38-41